[Event "Hansa 2- Ahlen"]
[Site "?"]
[Date "2023.05.14"]
[Round "9.3"]
[White "Volesky, Alexander"]
[Black "Schaepers, Lars"]
[Result "0-1"]
[WhiteElo "1999"]
[BlackElo "1871"]
[PlyCount "128"]
[SourceDate "2022.10.02"]

1. e4 e6 2. d4 d5 3. Nc3 dxe4 4. Nxe4 Nd7 5. Nf3 Ngf6 6. Nxf6+ Nxf6 7. Bd3 b6
8. Bg5 Be7 9. Ne5 Qd5 10. f3 Bb7 11. c3 c6 12. Qc2 h6 13. Bh4 Nd7 14. Bg3 Nxe5
15. Bxe5 Bh4+ 16. g3 Bf6 17. Be4 Qd8 18. O-O-O O-O 19. h4 Qe7 20. Bxf6 Qxf6 21.
g4 Qf4+ 22. Kb1 Rab8 23. Qh2 Qxh2 24. Rxh2 Rfd8 25. Rhd2 Kf8 26. b4 Ke7 27. Kc2
Rd6 28. a4 Ba6 29. Kb3 Rbd8 30. c4 c5 31. b5 Bc8 32. Kc3 cxd4+ 33. Rxd4 Rxd4
34. Rxd4 Rxd4 35. Kxd4 Kd6 36. Bc6 f6 37. Ba8 Bd7 38. Bb7 Be8 39. f4 e5+ 40.
fxe5+ fxe5+ 41. Kd3 Bd7 42. Bf3 Bc8 43. g5 Bh3 44. Bd5 Bf1+ 45. Ke3 Bh3 46. Kd3
Bf5+ 47. Be4 Be6 48. Bc6 Bf5+ 49. Be4 Bg4 50. Kc3 Kc5 51. Kd3 Bd1 52. Bd5 Kd6
53. Ke4 Bc2+ 54. Kf3 hxg5 55. hxg5 Bxa4 56. Bf7 Bc2 57. Bd5 Kc5 58. Ke3 Bb3 59.
Kd3 e4+ 60. Kxe4 Bxc4 61. Bxc4 Kxc4 62. Kf5 Kxb5 63. Kg6 a5 64. Kxg7 a4 0-1

[Event "Hansa 2- Ahlen"]
[Site "?"]
[Date "2023.05.14"]
[Round "9.4"]
[White "Vojdani, Bahram"]
[Black "Woestmann, Ulrich"]
[Result "1/2-1/2"]
[WhiteElo "1630"]
[BlackElo "1939"]
[PlyCount "67"]
[SourceDate "2022.10.02"]

1. e4 c5 2. Nc3 e6 3. Bc4 Nc6 4. f4 Nge7 5. d3 d5 6. Bb3 Nd4 7. Nf3 Nec6 8. O-O
Nxb3 9. axb3 Be7 10. Bd2 O-O 11. Ne2 b6 12. Ng3 dxe4 13. dxe4 a5 14. Bc3 Ba6
15. Qxd8 Rfxd8 16. Rfd1 f6 17. Ne1 Rac8 18. Kf2 Nb4 19. Nf1 c4 20. bxc4 Bxc4
21. Ne3 Bc5 22. Kf3 Bb5 23. e5 f5 24. Rxd8+ Rxd8 25. Rd1 Rxd1 26. Nxd1 Nd5 27.
Bd2 Bc6 28. Ke2 Kf7 29. g3 Ke8 30. Nf2 Bb5+ 31. Kf3 h5 32. Nfd3 Be7 33. Ng2 Bc6
34. Kf2 1/2-1/2

[Event "Hansa 2- Ahlen"]
[Site "?"]
[Date "2023.05.14"]
[Round "9.5"]
[White "Volesky, Karl- Heinz"]
[Black "Zhang, Jingfu"]
[Result "1-0"]
[WhiteElo "1970"]
[BlackElo "1626"]
[PlyCount "73"]
[SourceDate "2022.10.02"]

1. e4 e6 2. d4 d5 3. Nc3 Bb4 4. e5 c5 5. a3 Bxc3+ 6. bxc3 Ne7 7. Nf3 Nbc6 8.
Bd3 c4 9. Be2 Bd7 10. Be3 Qc7 11. O-O f6 12. exf6 gxf6 13. Qd2 Ng6 14. Ne1 h5
15. Bh6 O-O-O 16. Bg7 Rhg8 17. Bxf6 Rdf8 18. Bg5 Nf4 19. Bxf4 Rxf4 20. g3 h4
21. Ng2 Rf7 22. Nxh4 Rh7 23. Kh1 e5 24. f4 e4 25. Qe3 Bh3 26. Rf2 Ne7 27. f5
Qd7 28. f6 Nf5 29. Nxf5 Bxf5 30. Rg1 Qe6 31. g4 Bxg4 32. Bxg4 Rxg4 33. Rxg4
Qxg4 34. f7 Qd1+ 35. Kg2 Rg7+ 36. Qg3 Rxg3+ 37. hxg3 1-0

[Event "Hansa 2- Ahlen"]
[Site "?"]
[Date "2023.05.14"]
[Round "9.6"]
[White "Barbi, Codrin"]
[Black "Busche, Klaus"]
[Result "0-1"]
[WhiteElo "1381"]
[BlackElo "1962"]
[PlyCount "96"]
[SourceDate "2022.10.02"]

1. Nf3 d5 2. b3 Bg4 3. Ne5 Bf5 4. g3 Nd7 5. d4 Nxe5 6. dxe5 Qd7 7. Bg2 O-O-O 8.
Bb2 Bh3 9. Bxh3 Qxh3 10. Qd4 b6 11. Nd2 c5 12. Qa4 Qd7 13. Qxd7+ Kxd7 14. e3 e6
15. c4 Kc8 16. Ke2 Ne7 17. Rhd1 Nc6 18. cxd5 exd5 19. f4 Be7 20. Nf3 Rhe8 21.
a3 Kb7 22. Rd3 c4 23. bxc4 dxc4 24. Rd2 b5 25. Rad1 Rxd2+ 26. Rxd2 Rd8 27. Rxd8
Bxd8 28. Nd4 Nxd4+ 29. exd4 Kc6 30. f5 Kd5 31. h4 Be7 32. Ke3 a5 33. h5 b4 34.
a4 Bg5+ 35. Ke2 c3 36. Bxc3 bxc3 37. Kd3 c2 38. Kxc2 Kxd4 39. e6 fxe6 40. fxe6
Kc4 41. g4 h6 42. Kb2 Kd5 43. Kc3 Kxe6 44. Kd4 Kf6 45. Ke4 Bd2 46. Kf3 Kg5 47.
Kg3 Be1+ 48. Kf3 Bh4 0-1

[Event "Hansa 2- Ahlen"]
[Site "?"]
[Date "2023.05.14"]
[Round "9.7"]
[White "Starp, Klaus"]
[Black "Leucht, Hendrik"]
[Result "1/2-1/2"]
[WhiteElo "1874"]
[BlackElo "1159"]
[PlyCount "48"]
[SourceDate "2022.10.02"]

1. e4 c6 2. d4 d5 3. Nc3 dxe4 4. Nxe4 Nd7 5. Nf3 Ngf6 6. Ng3 g6 7. Bd3 Bg7 8.
O-O O-O 9. Re1 Nb6 10. Qe2 Re8 11. c3 Bg4 12. h3 Bxf3 13. Qxf3 e6 14. Bg5 Qd5
15. Qxd5 Nbxd5 16. Re2 h6 17. Bd2 Rad8 18. Rae1 g5 19. Bc4 b5 20. Bb3 a5 21.
Ne4 Nxe4 22. Rxe4 a4 23. Bxd5 cxd5 24. R4e2 b4 1/2-1/2

[Event "Hansa 2- Ahlen"]
[Site "?"]
[Date "2023.05.14"]
[Round "9.8"]
[White "Wazira, Manish"]
[Black "Jaeger, Niklas"]
[Result "0-1"]
[WhiteElo "898"]
[BlackElo "1840"]
[PlyCount "86"]
[SourceDate "2022.10.02"]

1. e4 e6 2. d4 d5 3. e5 c5 4. c3 Qb6 5. Nf3 Nc6 6. Na3 cxd4 7. cxd4 Bxa3 8.
bxa3 Nge7 9. Bd3 Bd7 10. Be3 Qa5+ 11. Bd2 Qxa3 12. Bb5 a6 13. Bxc6 Bxc6 14. O-O
O-O 15. Bc1 Qa4 16. Qxa4 Bxa4 17. Ba3 Rfe8 18. Rfc1 Bc6 19. Rab1 Ng6 20. g3 f6
21. Bd6 Rad8 22. Bc7 Rd7 23. Bd6 fxe5 24. Bxe5 Rf7 25. Rb3 Ref8 26. Re1 Rxf3
27. Rxf3 Rxf3 28. Kg2 Nxe5 29. Rxe5 Rf6 30. f4 Bd7 31. Re1 Rf8 32. Rb1 b5 33.
Kf3 Rc8 34. h4 Rc3+ 35. Kg2 Rc4 36. a4 Rxa4 37. Rc1 Rc4 38. Ra1 Bc8 39. Re1 b4
40. f5 exf5 41. Re8+ Kf7 42. Rd8 b3 43. Rxd5 b2 0-1

[Event "Hamm- Rüttenscheid"]
[Site "?"]
[Date "2023.05.14"]
[Round "9.1"]
[White "Michalek, Christoph"]
[Black "Spyrou, Emmanouil"]
[Result "1/2-1/2"]
[WhiteElo "2147"]
[BlackElo "2151"]
[PlyCount "35"]
[SourceDate "2022.10.02"]

1. d4 g6 2. c4 Bg7 3. Nc3 d6 4. e4 e5 5. d5 a5 6. Be3 Na6 7. Qd2 f5 8. f3 Nf6
9. h3 f4 10. Bf2 Nh5 11. Nge2 Bf6 12. O-O-O Bh4 13. Bg1 Bd7 14. Kb1 Qf6 15. Nc1
Ng3 16. Rh2 h5 17. Bd3 Kf7 18. Bc2 1/2-1/2

[Event "Hamm- Rüttenscheid"]
[Site "?"]
[Date "2023.05.14"]
[Round "9.2"]
[White "Schlaap, Ralf"]
[Black "Dorgarten, Armin"]
[Result "1/2-1/2"]
[WhiteElo "2097"]
[BlackElo "1912"]
[PlyCount "53"]
[SourceDate "2022.10.02"]

1. Nf3 c5 2. c4 g6 3. g3 Bg7 4. Bg2 Nc6 5. O-O Nf6 6. Nc3 O-O 7. d3 b6 8. a3
Bb7 9. Rb1 d5 10. cxd5 Nxd5 11. Nxd5 Qxd5 12. b4 cxb4 13. axb4 Nd4 14. Bb2
Nxf3+ 15. Bxf3 Qd7 16. Bxg7 Kxg7 17. Bxb7 Qxb7 18. b5 a5 19. bxa6 Qxa6 20. Rb4
Rfc8 21. Qb3 Rab8 22. Rb1 Rc6 23. Qd5 Qb7 24. Qb3 Kg8 25. h4 h5 26. Rb5 Qc7 27.
Kg2 1/2-1/2

[Event "Hamm- Rüttenscheid"]
[Site "?"]
[Date "2023.05.14"]
[Round "9.3"]
[White "Kreitling, Oliver"]
[Black "Voss, Hubertus"]
[Result "0-1"]
[WhiteElo "1897"]
[BlackElo "2085"]
[PlyCount "52"]
[SourceDate "2022.10.02"]

1. d4 Nf6 2. c4 e6 3. Nc3 d5 4. Bg5 Nbd7 5. e3 c6 6. Nf3 Qa5 7. Nd2 Bb4 8. Qc2
O-O 9. Be2 Ne4 10. Ndxe4 dxe4 11. Bh4 e5 12. O-O f5 13. c5 Bxc3 14. Qb3+ Kh8
15. Be7 Bd2 16. Rfd1 exd4 17. Bxf8 Nxf8 18. Qf7 Be6 19. Qxb7 Rd8 20. exd4 Bd5
21. a3 e3 22. b4 Qa4 23. Qe7 Ne6 24. Bd3 Qb3 25. Bxf5 exf2+ 26. Kh1 Qf3 0-1

[Event "Hamm- Rüttenscheid"]
[Site "?"]
[Date "2023.05.14"]
[Round "9.4"]
[White "Woertler, Lars- Erik"]
[Black "Furchtbar, Uwe"]
[Result "1/2-1/2"]
[WhiteElo "1914"]
[BlackElo "1888"]
[PlyCount "102"]
[SourceDate "2022.10.02"]

1. e4 c6 2. d4 d5 3. exd5 cxd5 4. Bd3 Nf6 5. c3 Qc7 6. Ne2 Bg4 7. f3 Bh5 8. Bf4
Qb6 9. Qb3 Nc6 10. Na3 Qxb3 11. axb3 a6 12. b4 Bg6 13. Nc1 e5 14. Bxe5 Nxe5 15.
dxe5 Nd7 16. f4 d4 17. Nb5 dxc3 18. Nxc3 Bxb4 19. f5 Bh5 20. h3 Nxe5 21. g4
Nxg4 22. hxg4 Bxg4 23. O-O Bxc3 24. bxc3 O-O-O 25. Rf4 h5 26. Rc4+ Kb8 27. Rb4
Ka7 28. Kf2 Rhe8 29. Rab1 Re7 30. Be4 b5 31. R1b2 Rde8 32. Bd3 Re5 33. Rf4 Rc5
34. Rc2 Bd1 35. Rd2 Ba4 36. Ne2 Rec8 37. Rd4 Bb3 38. Rb2 Bc4 39. Bxc4 Rxf5+ 40.
Ke3 Rxc4 41. Rxc4 bxc4 42. Nd4 Rf6 43. Ke4 Rb6 44. Rf2 Rb7 45. Nc6+ Kb6 46. Ne5
Kc5 47. Nxf7 g6 48. Ne5 Rb1 49. Nxg6 Re1+ 50. Kf4 Rc1 51. Ra2 Rxc3 1/2-1/2

[Event "Hamm- Rüttenscheid"]
[Site "?"]
[Date "2023.05.14"]
[Round "9.5"]
[White "Storp, Thomas"]
[Black "Brieger, Sebastian"]
[Result "0-1"]
[WhiteElo "1868"]
[BlackElo "1862"]
[PlyCount "134"]
[SourceDate "2022.10.02"]

1. c4 c6 2. d4 d5 3. e3 Nf6 4. Nf3 Bf5 5. Nc3 e6 6. Bd3 Bxd3 7. Qxd3 Nbd7 8.
O-O Bd6 9. e4 dxe4 10. Nxe4 Nxe4 11. Qxe4 Nf6 12. Qh4 O-O 13. Be3 Be7 14. Qg3
Ne4 15. Qf4 Nd6 16. b3 Nf5 17. g4 Bd6 18. Qe4 Nxe3 19. fxe3 Qf6 20. h4 Qg6 21.
Qxg6 hxg6 22. Kg2 f5 23. Kh3 Rae8 24. Rad1 Bc7 25. Rfe1 Rd8 26. g5 Kf7 27. Rd2
Ba5 28. Red1 Bxd2 29. Ne5+ Kg8 30. Rxd2 Kh7 31. Kg3 c5 32. Kf4 Rd6 33. Nf3 Rfd8
34. Ke5 cxd4 35. exd4 b6 36. Ne1 Kg8 37. Ng2 Kf7 38. Nf4 a6 39. Rd3 Rc6 40. a3
Rh8 41. Rh3 b5 42. c5 a5 43. b4 axb4 44. axb4 Ra6 45. h5 gxh5 46. g6+ Ke7 47.
d5 exd5 48. Nxd5+ Kd7 49. Nf4 Re8+ 50. Kd5 Re4 51. Nd3 h4 52. Rf3 Rf6 53. Ne5+
Kc7 54. Ra3 Rxe5+ 55. Kxe5 Rxg6 56. Kxf5 Rg3 57. Ra1 Rb3 58. Ke5 Rxb4 59. Kd5
g5 60. Ra7+ Kd8 61. Rh7 Rb3 62. Rg7 Rg3 63. Kd6 Rd3+ 64. Kc6 b4 65. Kb7 b3 66.
Rxg5 b2 67. Rg1 Rb3+ 0-1

[Event "Hamm- Rüttenscheid"]
[Site "?"]
[Date "2023.05.14"]
[Round "9.6"]
[White "Boelling, Andreas"]
[Black "Koprek, Juergen"]
[Result "0-1"]
[WhiteElo "1755"]
[BlackElo "1875"]
[PlyCount "68"]
[SourceDate "2022.10.02"]

1. e4 e6 2. d4 d5 3. exd5 exd5 4. Nf3 Bd6 5. c4 Nf6 6. c5 Be7 7. h3 O-O 8. Bd3
Nbd7 9. Qc2 Re8 10. O-O c6 11. Bf4 Nf8 12. Nbd2 Nh5 13. Bh2 g6 14. Rfe1 Ng7 15.
Re2 Bf5 16. Bxf5 Nxf5 17. Rae1 Ne6 18. Nb3 Bf6 19. Qd2 Qe7 20. Be5 Bxe5 21.
Nxe5 Qf6 22. Ng4 Qg7 23. Ne5 Rad8 24. Kh2 h5 25. g3 Qf6 26. Kg2 Kg7 27. Nf3 Re7
28. h4 Rde8 29. Ng5 Nxh4+ 30. gxh4 Nf4+ 31. Qxf4 Qxf4 32. Rxe7 Rxe7 33. Rxe7
Qg4+ 34. Kf1 Qxh4 0-1

[Event "Hamm- Rüttenscheid"]
[Site "?"]
[Date "2023.05.14"]
[Round "9.7"]
[White "Bruckmann, Jochen"]
[Black "Fluegel, Thomas"]
[Result "1/2-1/2"]
[WhiteElo "1763"]
[BlackElo "1764"]
[PlyCount "140"]
[SourceDate "2022.10.02"]

1. e4 e6 2. f4 d5 3. exd5 exd5 4. Nf3 Bd6 5. d4 Bg4 6. Be2 Nf6 7. O-O Ne4 8.
Be3 Nd7 9. Nbd2 Ndf6 10. Ne5 Bxe2 11. Qxe2 Qe7 12. Qb5+ c6 13. Qe2 O-O 14. g4
Nxd2 15. Qxd2 Ne4 16. Qg2 f6 17. Nd3 Rae8 18. Rae1 b6 19. h4 Qc7 20. Rf3 Re7
21. f5 Rfe8 22. Nf4 Ng5 23. hxg5 Bxf4 24. Qf2 Bxg5 25. Bd2 Bxd2 26. Rxe7 Qxe7
27. Qxd2 Qe2 28. Qxe2 Rxe2 29. Rc3 Re4 30. Rxc6 Rxg4+ 31. Kh2 h5 32. Rc7 Rxd4
33. Rxa7 Rd2+ 34. Kg3 Rxc2 35. b4 Rc4 36. b5 Rb4 37. a4 Kh7 38. Ra6 Kh6 39.
Rxb6 Rxa4 40. Rd6 d4 41. Kf4 Rb4 42. b6 Rb3 43. Ke4 d3 44. Kd5 d2 45. Kc6 Kg5
46. Rxd2 Kxf5 47. Rd5+ Kg4 48. Rb5 Re3 49. Kd7 Ra3 50. Kc7 f5 51. Kb8 f4 52. b7
f3 53. Kc8 Re3 54. Kd8 Rd3+ 55. Kc7 f2 56. Rb1 Rc3+ 57. Kb6 f1=Q 58. Rxf1 Rb3+
59. Kc7 Rc3+ 60. Kd6 Rb3 61. Rg1+ Kh3 62. Rxg7 h4 63. Rc7 Kg2 64. Rc2+ Kg1 65.
Kc7 h3 66. Rc6 Rxb7+ 67. Kxb7 h2 68. Rc1+ Kg2 69. Rc2+ Kg1 70. Rxh2 Kxh2
1/2-1/2

[Event "Hamm- Rüttenscheid"]
[Site "?"]
[Date "2023.05.14"]
[Round "9.8"]
[White "Rosentreter, Burkhard"]
[Black "Berger, Nils"]
[Result "1/2-1/2"]
[WhiteElo "1689"]
[BlackElo "1837"]
[PlyCount "123"]
[SourceDate "2022.10.02"]

1. d4 d5 2. c4 e6 3. Nc3 Nf6 4. Bg5 Be7 5. e3 O-O 6. Nf3 b6 7. Bd3 Bb7 8. O-O
Nbd7 9. Rc1 dxc4 10. Bxc4 c5 11. dxc5 Nxc5 12. Be2 Rc8 13. Qxd8 Rfxd8 14. Rfd1
h6 15. Bh4 g5 16. Bg3 Nd5 17. Nxd5 Bxd5 18. b3 Ne4 19. Bc7 Re8 20. Be5 Ba3 21.
Rxc8 Rxc8 22. Bd3 g4 23. Ne1 Nc3 24. Bxc3 Rxc3 25. Nc2 Bc5 26. Ne1 h5 27. Bb1
h4 28. Nd3 Bd6 29. Rc1 Rxc1+ 30. Nxc1 g3 31. hxg3 hxg3 32. Ne2 gxf2+ 33. Kxf2
Kg7 34. Nc3 Bb7 35. Be4 Ba6 36. Bc2 f5 37. Ne2 Kf6 38. Nd4 Bc5 39. g3 Bc8 40.
Bd3 e5 41. Ne2 Bb7 42. Nc3 f4 43. gxf4 exf4 44. Nd1 Ke5 45. Ke2 fxe3 46. Nxe3
Kd4 47. Bc4 Be4 48. Nd1 Bb1 49. a4 Bb4 50. Ne3 Bg6 51. Nd5 Bh5+ 52. Kf2 Bd2 53.
Ne7 Kc5 54. Nc8 a5 55. Ne7 Bd1 56. Nd5 Bg5 57. Nc3 Bc2 58. Ke2 Bf5 59. Nd5 Bd7
60. Kd3 Bc6 61. Nc3 Bf6 62. Ne4+ 1/2-1/2

[Event "Günnigfeld- Dortmund"]
[Site "?"]
[Date "2023.05.14"]
[Round "9.1"]
[White "Schulenburg, Pit"]
[Black "Freisen, Thomas"]
[Result "1/2-1/2"]
[WhiteElo "2009"]
[BlackElo "1960"]
[PlyCount "81"]
[SourceDate "2022.10.02"]

1. Nf3 Nf6 2. b3 g6 3. Bb2 Bg7 4. c4 O-O 5. e3 c6 6. Be2 d5 7. O-O b6 8. Na3
Bb7 9. Qc2 c5 10. Rfd1 Nc6 11. Rac1 Rc8 12. Qb1 dxc4 13. Nxc4 Qc7 14. d4 cxd4
15. Nxd4 Nxd4 16. Bxd4 Qb8 17. Qb2 Rfd8 18. a4 Bd5 19. Nd2 Rxc1 20. Rxc1 Rc8
21. Rxc8+ Qxc8 22. b4 Qd8 23. Qc3 Ne8 24. Bb5 Bf8 25. Bf1 Nd6 26. f3 Bb7 27. e4
Qc8 28. Qxc8 Nxc8 29. b5 Bg7 30. Be3 Nd6 31. Nb3 Bc8 32. Nd4 Bxd4 33. Bxd4 Be6
34. a5 Bc4 35. Bxc4 Nxc4 36. a6 Nd6 37. Bxb6 Nxb5 38. Ba5 Kf8 39. Kf2 Ke8 40.
Ke3 Kd7 41. Bb4 1/2-1/2

[Event "Günnigfeld- Dortmund"]
[Site "?"]
[Date "2023.05.14"]
[Round "9.2"]
[White "Jaennekes, Oliver"]
[Black "Canzler, Harald"]
[Result "1/2-1/2"]
[WhiteElo "1927"]
[BlackElo "1953"]
[PlyCount "20"]
[SourceDate "2022.10.02"]

1. d4 Nf6 2. Nf3 g6 3. c4 Bg7 4. Nc3 O-O 5. e4 d6 6. Bg5 h6 7. Be3 Nbd7 8. h3
e5 9. Qd2 Kh7 10. dxe5 dxe5 1/2-1/2

[Event "Günnigfeld- Dortmund"]
[Site "?"]
[Date "2023.05.14"]
[Round "9.3"]
[White "Boehmfeld, Bruno"]
[Black "Markus, Peter"]
[Result "1/2-1/2"]
[WhiteElo "2205"]
[BlackElo "1863"]
[PlyCount "20"]
[SourceDate "2022.10.02"]

1. Nf3 d5 2. g3 Nf6 3. Bg2 e6 4. O-O b6 5. b3 Bb7 6. Bb2 Be7 7. d3 O-O 8. Nbd2
c5 9. Re1 Qc8 10. e3 Rd8 1/2-1/2

[Event "Günnigfeld- Dortmund"]
[Site "?"]
[Date "2023.05.14"]
[Round "9.4"]
[White "Radi, Guenter"]
[Black "Zeldin, Leonid"]
[Result "1/2-1/2"]
[WhiteElo "1849"]
[BlackElo "2026"]
[PlyCount "27"]
[SourceDate "2022.10.02"]

1. d4 b6 2. c4 Bb7 3. Nc3 Nf6 4. e3 e6 5. Nf3 Be7 6. Bd3 d5 7. cxd5 exd5 8. Bd2
O-O 9. O-O Nbd7 10. Rc1 c5 11. dxc5 Nxc5 12. Bb1 Bd6 13. Ne2 Rc8 14. Bc3
1/2-1/2

[Event "Günnigfeld- Dortmund"]
[Site "?"]
[Date "2023.05.14"]
[Round "9.6"]
[White "Kampmann, Marcel"]
[Black "Alarand, Beshr"]
[Result "1/2-1/2"]
[WhiteElo "1730"]
[BlackElo "1934"]
[PlyCount "49"]
[SourceDate "2022.10.02"]

1. Nf3 Nf6 2. g3 g6 3. Bg2 Bg7 4. O-O O-O 5. d3 d5 6. Nbd2 c6 7. e4 dxe4 8.
Nxe4 Nxe4 9. dxe4 Qb6 10. Rb1 Rd8 11. Qe2 Bg4 12. h3 Bxf3 13. Qxf3 Nd7 14. c3
Qa6 15. a3 Ne5 16. Qe3 Qb5 17. f4 Nc4 18. Qe2 Nxa3 19. Qxb5 Nxb5 20. Be3 Rd3
21. Kf2 e5 22. Rfe1 Rad8 23. Bf1 R3d7 24. Bxb5 cxb5 25. Bxa7 1/2-1/2

[Event "Günnigfeld- Dortmund"]
[Site "?"]
[Date "2023.05.14"]
[Round "9.7"]
[White "Wolff, Torsten"]
[Black "Brandhoff, Gerd"]
[Result "1/2-1/2"]
[WhiteElo "1855"]
[BlackElo "1687"]
[PlyCount "75"]
[SourceDate "2022.10.02"]

1. d4 d5 2. Nf3 Nf6 3. e3 c6 4. Bd3 Nbd7 5. O-O Qc7 6. Nbd2 e5 7. e4 Bd6 8.
exd5 Nxd5 9. Nc4 O-O 10. Nxd6 Qxd6 11. dxe5 Qe7 12. Re1 Re8 13. h3 Nf8 14. c3
Be6 15. Qc2 h6 16. a3 Rad8 17. c4 Nb6 18. b3 Rd7 19. Be4 Red8 20. Bb2 Na8 21.
Rad1 Nc7 22. Bd4 Na6 23. Bb2 Nc5 24. Rxd7 Qxd7 25. Nd4 Nxe4 26. Qxe4 Ng6 27. f4
Ne7 28. g4 g6 29. Rf1 c5 30. Nxe6 fxe6 31. Kg2 b6 32. Rf2 Qd3 33. Qb7 Qd7 34.
Qxd7 Rxd7 35. Bc1 Rd3 36. Rf3 Rd1 37. Rf1 Rd3 38. Rf3 1/2-1/2

[Event "Günnigfeld- Dortmund"]
[Site "?"]
[Date "2023.05.14"]
[Round "9.8"]
[White "Mueller, Dieter"]
[Black "Meinschien, Finn"]
[Result "0-1"]
[WhiteElo "1738"]
[BlackElo "1907"]
[PlyCount "90"]
[SourceDate "2022.10.02"]

1. Nf3 Nf6 2. c4 g6 3. Nc3 Bg7 4. e3 O-O 5. g3 d6 6. Bg2 e5 7. O-O Nc6 8. a3
Be6 9. d3 e4 10. Ng5 exd3 11. Nxe6 fxe6 12. Bxc6 bxc6 13. Qxd3 d5 14. Rb1 Nd7
15. f4 Nc5 16. Qc2 Qe7 17. b4 Bxc3 18. Qxc3 Ne4 19. Qd4 Qg7 20. Qxg7+ Kxg7 21.
Bb2+ Kf7 22. Rbc1 Rfc8 23. Rfd1 a5 24. Be5 axb4 25. axb4 Ra4 26. cxd5 cxd5 27.
b5 Rb4 28. Rb1 Rxb1 29. Rxb1 Nd2 30. Rc1 Nf3+ 31. Kf2 Nxe5 32. fxe5 Ke7 33. Ke2
Kd7 34. Rf1 Ke7 35. Kd3 Rb8 36. Rc1 Kd7 37. Rc5 Ra8 38. e4 Ra3+ 39. Rc3 dxe4+
40. Kd4 Rxc3 41. Kxc3 Kc8 42. Kd4 Kb7 43. Kxe4 Kb6 44. Kd4 Kxb5 45. Kc3 Kc5 0-1

[Event "Welper 2- Kray"]
[Site "?"]
[Date "2023.05.14"]
[Round "9.1"]
[White "Happe, Ulrich"]
[Black "Sharma, Danesh"]
[Result "0-1"]
[WhiteElo "1999"]
[BlackElo "1968"]
[PlyCount "30"]
[SourceDate "2022.10.02"]

1. d4 Nf6 2. c4 g6 3. Nc3 Bg7 4. g3 O-O 5. Bg2 d6 6. Nf3 Nc6 7. O-O Bg4 8. h3
Bf5 9. Nh4 Bd7 10. Rb1 e5 11. dxe5 Nxe5 12. b3 Bc6 13. Nd5 Nh5 14. Nf3 f5 15.
Bg5 Nxf3+ 0-1

[Event "Welper 2- Kray"]
[Site "?"]
[Date "2023.05.14"]
[Round "9.3"]
[White "Seker, Seyfullah"]
[Black "Sharma, Rakesh"]
[Result "1-0"]
[WhiteElo "1796"]
[BlackElo "1788"]
[PlyCount "55"]
[SourceDate "2022.10.02"]

1. e4 c6 2. d4 d5 3. e5 c5 4. f4 Nc6 5. Nf3 Bg4 6. dxc5 e6 7. h3 Bxf3 8. Qxf3
Bxc5 9. Bd3 Nh6 10. h4 Nd4 11. Qh3 Qb6 12. g4 O-O-O 13. Rf1 Rhe8 14. c3 Nc6 15.
Nd2 f6 16. g5 Nf7 17. gxf6 gxf6 18. exf6 Kb8 19. Nb3 e5 20. fxe5 Ncxe5 21. Bf4
Bd6 22. O-O-O Nxd3+ 23. Qxd3 Bxf4+ 24. Rxf4 Ne5 25. Qd4 Qd6 26. Rf5 Qe6 27. Qf4
Qd6 28. f7 1-0

[Event "Welper 2- Kray"]
[Site "?"]
[Date "2023.05.14"]
[Round "9.4"]
[White "Heidt, Viktor"]
[Black "Laarmann, Gerd"]
[Result "1/2-1/2"]
[WhiteElo "1807"]
[BlackElo "1804"]
[PlyCount "24"]
[SourceDate "2022.10.02"]

1. c4 e6 2. Nc3 d5 3. e3 Nf6 4. Nf3 c6 5. b3 Bd6 6. Bb2 Qe7 7. d4 Nbd7 8. cxd5
exd5 9. Bd3 O-O 10. O-O Ne4 11. Qc2 f5 12. Nd2 Ndf6 1/2-1/2

[Event "Welper 2- Kray"]
[Site "?"]
[Date "2023.05.14"]
[Round "9.5"]
[White "Greger, Helmut"]
[Black "Nuernberger, David"]
[Result "0-1"]
[WhiteElo "1820"]
[BlackElo "1790"]
[PlyCount "66"]
[SourceDate "2022.10.02"]

1. c4 e5 2. g3 Nf6 3. Bg2 d5 4. cxd5 Nxd5 5. Nc3 Be6 6. Nf3 Nc6 7. O-O Bc5 8.
Ne4 Bb6 9. d3 f6 10. Bd2 Qd7 11. Rc1 Bh3 12. Nc5 Bxc5 13. Rxc5 Bxg2 14. Kxg2 h5
15. h4 O-O-O 16. a3 g5 17. b4 Nd4 18. Nxd4 exd4 19. Rh1 Qe6 20. hxg5 h4 21. Rh3
Rdg8 22. e4 dxe3 23. fxe3 hxg3 24. Rxg3 Rxg5 25. Qf3 Rh3 26. Rxg5 Rxf3 27. Kxf3
fxg5 28. e4 Qh3+ 29. Ke2 Qg4+ 30. Kf2 Nf4 31. Bxf4 Qxf4+ 32. Ke2 g4 33. Rf5
Qh2+ 0-1

[Event "Welper 2- Kray"]
[Site "?"]
[Date "2023.05.14"]
[Round "9.6"]
[White "Wallhof, Dieter"]
[Black "Ophoven, Hermann"]
[Result "0-1"]
[WhiteElo "1775"]
[BlackElo "1728"]
[PlyCount "76"]
[SourceDate "2022.10.02"]

1. Nf3 g6 2. c4 Bg7 3. Nc3 d6 4. g3 Nf6 5. Bg2 O-O 6. d3 c6 7. Bd2 Nbd7 8. O-O
Ng4 9. h3 Nge5 10. Ne1 f5 11. b4 Nf7 12. Rb1 Rb8 13. a4 a6 14. Qb3 c5 15. b5 e6
16. a5 b6 17. axb6 axb5 18. Nxb5 Nxb6 19. Nc2 Bb7 20. Bxb7 Rxb7 21. Ba5 Qe7 22.
Bc3 Rfb8 23. Bxg7 Kxg7 24. Qc3+ Qf6 25. Qxf6+ Kxf6 26. Ra1 d5 27. Ra6 dxc4 28.
dxc4 Nxc4 29. Nc3 Rb6 30. Rfa1 Ncd6 31. Rxb6 Rxb6 32. Ne3 Rb3 33. Rc1 Ne5 34.
f4 Nc6 35. Ncd1 Ne4 36. g4 Nd4 37. g5+ Ke7 38. Ra1 Nxe2+ 0-1

[Event "Welper 2- Kray"]
[Site "?"]
[Date "2023.05.14"]
[Round "9.7"]
[White "Schmitz, Juergen"]
[Black "Berke, Martin"]
[Result "1-0"]
[WhiteElo "1850"]
[BlackElo "1700"]
[PlyCount "81"]
[SourceDate "2022.10.02"]

1. e4 c5 2. Nf3 e6 3. d4 cxd4 4. Nxd4 Nf6 5. Nc3 Nc6 6. Be2 Bb4 7. Nxc6 bxc6 8.
Bg5 h6 9. Bd2 d5 10. e5 Nd7 11. f4 Rb8 12. O-O O-O 13. Kh1 Be7 14. b3 Qb6 15.
Na4 Qc7 16. Bd3 Nc5 17. Nxc5 Bxc5 18. Qg4 f5 19. Qh3 Qb6 20. Rf3 Ba6 21. Bxa6
Qxa6 22. Rg3 Kh7 23. Qh5 Qb7 24. Qg6+ Kh8 25. Qxe6 Rbe8 26. Qg6 Qd7 27. Rd1 Bb6
28. Bb4 c5 29. Rxd5 Qc7 30. Bxc5 Bxc5 31. Rxc5 Rd8 32. h3 Qe7 33. c4 Rd1+ 34.
Kh2 Rfd8 35. Rc6 a5 36. Re6 Qa7 37. c5 Rc1 38. Re8+ Rxe8 39. Qxe8+ Kh7 40. Qg6+
Kh8 41. Rd3 1-0

[Event "Welper 2- Kray"]
[Site "?"]
[Date "2023.05.14"]
[Round "9.8"]
[White "Krummsdorf, Joerg"]
[Black "Jordanian, Raphael"]
[Result "1-0"]
[WhiteElo "1800"]
[BlackElo "1793"]
[PlyCount "59"]
[SourceDate "2022.10.02"]

1. d4 d5 2. e3 Nf6 3. Bd3 Nbd7 4. Nf3 h6 5. Nbd2 e6 6. O-O c5 7. b3 Bd6 8. Bb2
Qc7 9. c4 b6 10. cxd5 exd5 11. e4 cxd4 12. e5 Nxe5 13. Nxe5 Bxe5 14. Rc1 Bxh2+
15. Kh1 Qf4 16. Qe1+ Kd8 17. g3 Qg4 18. Qe5 Bxg3 19. Qxg3 Qxg3 20. fxg3 Be6 21.
Bxd4 Nh5 22. Kg2 Rf8 23. Be2 g6 24. g4 f5 25. gxh5 g5 26. Rc6 Kd7 27. Rfc1 Rae8
28. Rc7+ Kd8 29. Rxa7 Bd7 30. Bxb6+ 1-0

[Event "Drewer- Oberhausen"]
[Site "?"]
[Date "2023.05.14"]
[Round "9.1"]
[White "Puetter, Pascal"]
[Black "Mittmann, Volker"]
[Result "1-0"]
[WhiteElo "1991"]
[BlackElo "1832"]
[Annotator "daniel"]
[PlyCount "91"]
[SourceDate "2022.10.02"]

1. e4 c5 2. Nc3 Nc6 3. g3 e6 4. Bg2 d6 5. f4 g6 6. Nf3 Bg7 7. O-O Nge7 8. d3
Rb8 9. a4 a6 10. Be3 O-O 11. Qd2 Bd7 12. e5 Nf5 13. Bf2 b6 14. exd6 Nxd6 15.
Rae1 Qc7 16. b3 Rbd8 17. Ne5 Nd4 18. g4 Bc8 19. Ne2 Nxe2+ 20. Qxe2 Bb7 21. Bg3
Bxg2 22. Qxg2 Qb7 23. Qxb7 Nxb7 $11 24. f5 exf5 25. gxf5 gxf5 26. Nc6 Bd4+ 27.
Nxd4 Rxd4 28. Rxf5 Rd7 29. Rf6 b5 30. Kf2 bxa4 31. bxa4 a5 32. Re4 Rc8 33. Rg4+
Kf8 34. Rh4 c4 35. d4 Ke7 36. Be5 Nd8 37. Rxh7 Rc6 38. Rhh6 Ne6 39. Ke3 c3 40.
Rh7 Nd8 41. Rhxf7+ Nxf7 42. Rxc6 Nxe5 43. dxe5 Rd2 44. Rxc3 Rxh2 45. Rc5 Ke6
46. Kd3 1-0

[Event "Drewer- Oberhausen"]
[Site "?"]
[Date "2023.05.14"]
[Round "9.2"]
[White "Schaefer, Martin"]
[Black "Schwerdtfeger, Joachim"]
[Result "1/2-1/2"]
[WhiteElo "1791"]
[BlackElo "1914"]
[PlyCount "59"]
[SourceDate "2022.10.02"]

1. e4 e5 2. Nf3 Nc6 3. Nc3 Nf6 4. Be2 Be7 5. d4 d6 6. dxe5 dxe5 7. Qxd8+ Bxd8
8. Be3 O-O 9. O-O-O a6 10. h3 Be7 11. g4 Bd6 12. Nd2 Be6 13. g5 Nd7 14. Nd5
Bxd5 15. exd5 Ne7 16. Ne4 Nf5 17. Bg4 Nxe3 18. fxe3 Nc5 19. Nxc5 Bxc5 20. Rd3
Rad8 21. e4 f6 22. Be6+ Kh8 23. h4 Be7 24. Rg3 fxg5 25. hxg5 g6 26. Kd1 Kg7 27.
Rgh3 Rh8 28. Rf3 Rhf8 29. Rfh3 Rh8 30. Rf3 1/2-1/2